00949nam a2200241 i 4500001000300000245015700003250002500160260004800185300004200233500004900275504002200324650005300346655002600399700003200425700003200457710002600489020001500515040000800530041000700538080002300545008004100568856009800609bg00aLaboratorium wytrzymałości materiałów :bopracowanie zbiorowe /cpod red. Kazimierza Sobiesiaka i Kazimierza Szabelskiego ; Politechnika Lubelska. aWyd. 4 popr. i uzup. aLublin :bWydawnictwa Uczelniane PL,c1998. a122, [57] s. :brys., wykr. ;c24 cm. aU góry okł. nazwa przedmiotu : Mechanika. aBibliogr. s. 122. 9aWytrzymałość materiałówxbadaniexmetody aĆwiczenia i zadania1 aSOBIESIAK, Kazimierz.eRed.1 aSZABELSKI, Kazimierz.eRed. 0aPolitechnika Lubelska a8387270326 cBPK0 apl a620.17(075.8)(076) s pl f |000 0 pol  uhttp://koha.tu.koszalin.pl/cgi-bin/koha/opac-detail.pl?biblionumber=34624yKatalog online BPK